Chuyện đông chuyện tây Tập 4 Từ câu 942 đến câu 1257

Wedi'i Gadw mewn:
Manylion Llyfryddiaeth
Prif Awdur: An Chi
Fformat: Llyfr
Cyhoeddwyd: TP. Hồ Chí Minh Tổng hợp TP. Hồ Chí Minh 2018
Rhifyn:Có sữa chữa bổ sung
Pynciau:
Tagiau: Ychwanegu Tag
Dim Tagiau, Byddwch y cyntaf i dagio'r cofnod hwn!
Thư viện lưu trữ: Trung tâm Học liệu Lê Vũ Hùng, Trường Đại học Đồng Tháp
LEADER 00782pam a22002298a 4500
001 00042777
005 20181019101000.0
008 161026s2015 ||||||Viesd
020 # # |c 199000  |a 978 604 58 7306 9 
041 0 # |a Vie 
082 1 4 |a 001  |b CH527Đ 
100 0 # |a An Chi 
245 0 0 |a Chuyện đông chuyện tây  |c An Chi  |n Tập 4  |p Từ câu 942 đến câu 1257 
250 # # |a Có sữa chữa bổ sung 
260 # # |a TP. Hồ Chí Minh  |b Tổng hợp TP. Hồ Chí Minh  |c 2018 
300 # # |a 688 tr.  |c 23 cm  |b Minh họa 
653 # # |a Khoa học thường thức 
653 # # |a Tây 
653 # # |a Đông 
852 # # |j KD.0023008 
910 |d 19/10/2018 
980 # # |a Trung tâm Học liệu Lê Vũ Hùng, Trường Đại học Đồng Tháp